Gemeinden des Kantons Bern - Statistiken

Allgemein
  • Dieses Quiz wurde 4.591 mal gespielt
    1.067 seit der letzten Aktualisierung
  • Das Durchschnittsergebnis liegt bei 106 aus 334
Antworten auf der Karte
Die Antworten werden auf der Karte rot bzw. grün angezeigt, abhängig davon wie oft sie richtig erraten wurden.
 
Antwortstatistiken
Einwohner Gemeinde % Korrekt
44’125 Thun
89%
137'995 Bern
88%
56’896 Biel / Bienne
82%
43’508 Köniz
78%
6’123 Interlaken
77%
3’256 Brienz
72%
13’342 Spiez
72%
11’718 Belp
70%
3’420 Adelboden
69%
17’292 Burgdorf
68%
3’930 Grindelwald
68%
2’322 Lenk im Simmental
67%
16’558 Lyss
67%
4’814 Meiringen
65%
16’581 Steffisburg
65%
18’326 Ostermundigen
64%
16’141 Langenthal
63%
9’574 Langnau im Emmental
63%
13’049 Münsingen
63%
13’712 Muri bei Bern
62%
7’100 Frutigen
61%
11’595 Worb
60%
1’299 Kandersteg
59%
3’059 Zweisimmen
58%
2’331 Lauterbrunnen
56%
1’079 Innertkirchen
55%
5’485 Konolfingen
55%
11’591 Zollikofen
55%
11’546 Ittigen
54%
10’696 Münchenbuchsee
54%
6’924 Saanen
52%
6’795 Schwarzenburg
52%
4’620 Aarberg
51%
6’374 Bolligen
51%
1’129 Hasliberg
51%
3’777 Ins
51%
1’484 Lyssach
51%
6’545 Urtenen-Schönbühl
49%
1’229 Beatenberg
48%
9’283 Wohlen bei Bern
48%
4’424 Bremgarten bei Bern
47%
7’502 Herzogenbuchsee
47%
5’872 Jegenstorf
47%
5’922 Kirchberg
47%
4’871 Sigriswil
47%
3’184 Riggisberg
46%
2’735 Wimmis
46%
1’272 Boltigen
45%
241 Guttannen
45%
810 Kandergrund
45%
4’670 Kehrsatz
45%
3’792 Reichenbach im Kandertal
45%
1’277 Trub
45%
5’708 Unterseen
45%
2’523 Oberhofen am Thunersee
44%
2’894 Rubigen
44%
5’209 Sumiswald
44%
6’067 Uetendorf
44%
2’325 Aeschi bei Spiez
43%
7’079 Heimberg
43%
5’135 Huttwil
43%
2’920 Wangen an der Aare
43%
2’304 Diemtigen
42%
1’493 Guggisberg
42%
5’798 Lengnau
42%
7’053 Nidau
42%
924 Schangnau
42%
3’806 Büren an der Aare
41%
401 Iseltwald
41%
5’557 Niederbipp
41%
1’510 Trubschachen
41%
4’466 Wichtrach
41%
4’813 Aarwangen
40%
514 Brienzwiler
40%
1’028 Gsteig bei Gstaad
40%
3’285 Laupen
40%
1’205 Leissigen
40%
1’174 Twann-Tüscherz
40%
2’786 Bönigen
39%
1’731 Erlenbach im Simmental
39%
4’201 Matten bei Interlaken
39%
1’738 Rüschegg
39%
3’784 Schüpfen
39%
1’669 Zäziwil
39%
3’402 Hasle bei Burgdorf
38%
865 Lauenen
38%
1’955 Oberbipp
38%
481 Oberried am Brienzersee
38%
1’745 Rüeggisberg
38%
1’198 Wald
38%
2’768 Wilderswil
38%
4’650 Brügg
37%
5’498 Fraubrunnen
37%
4’071 Grosshöchstetten
37%
629 Habkern
37%
1’853 Kirchdorf
37%
904 Oberwil bei Büren
37%
845 Oberwil im Simmental
37%
5’216 Pieterlen
37%
2’188 Seftigen
37%
1’326 St. Stephan
37%
2’661 Toffen
37%
416 Därligen
36%
3’070 Grossaffoltern
36%
4’095 Hilterfingen
36%
990 Kiesen
36%
2’990 Oberburg
36%
3’295 Rüegsau
36%
2’698 Signau
36%
532 Allmendingen bei Bern
35%
480 Eriz
35%
1’394 Erlach
35%
1’470 Frauenkappelen
35%
2’794 Hindelbank
35%
1’130 Krattigen
35%
525 Ligerz
35%
4’155 Moosseedorf
35%
3’097 Mühleberg
35%
366 Niederried bei Interlaken
35%
3’723 Oberdiessbach
35%
2’705 Rapperswil
35%
3’235 Seedorf
35%
3’384 Stettlen
35%
3’505 Tavannes
35%
4’727 Tramelan
35%
5’982 Vechigen
35%
1’211 Affoltern im Emmental
34%
529 Hofstetten bei Brienz
34%
1’275 Linden
34%
5’730 Neuenegg
34%
1’200 Röthenbach im Emmental
34%
4’469 Utzenstorf
34%
1’032 Wiler bei Utzenstorf
34%
2’097 Wynigen
34%
1’293 Bowil
33%
1’301 Gerzensee
33%
721 Heiligenschwendi
33%
1’101 Kaufdorf
33%
3’341 Kirchlindach
33%
4’372 Lützelflüh
33%
870 Rüti bei Büren
33%
163 Rüti bei Lyssach
33%
5’177 Saint-Imier
33%
2’539 Thierachern
33%
2’176 Uttigen
33%
2’381 Krauchthal
32%
3’804 La Neuveville
32%
2’655 Ringgenberg
32%
3’230 Wattenwil
32%
1’308 Blumenstein
31%
1’371 Court
31%
3’869 Ipsach
31%
2’235 Kallnach
31%
586 Schattenhalb
31%
668 Schwanden bei Brienz
31%
3’537 Studen
31%
1’856 Biglen
30%
2’451 Eggiwil
30%
3’373 Orpund
30%
834 Amsoldingen
29%
3’330 Madiswil
29%
2’600 Meikirch
29%
865 Oberbalm
29%
1’393 Reutigen
29%
98 Saxeten
29%
3’375 Bätterkinden
28%
1’069 Burgistein
28%
868 Därstetten
28%
2’032 Ersigen
28%
2’281 Koppigen
28%
1’652 Müntschemier
28%
4’432 Roggwil
28%
1’018 Stocken-Höfen
28%
3’084 Täuffelen
28%
1’447 Courtelary
27%
1’052 Diessbach bei Büren
27%
1’337 Eriswil
27%
436 Gsteigwiler
27%
305 Jaberg
27%
800 Fahrni
26%
1’016 Gampelen
26%
224 Horrenbach-Buchen
26%
2’712 Lauperswil
26%
473 Oberlangenegg
26%
3’904 Port
26%
33 Schelten
26%
1’072 Unterlangenegg
26%
1’077 Dürrenroth
25%
344 Gündlischwand
25%
876 Gurzelen
25%
1’629 Heimiswil
25%
1’409 Kappelen
25%
572 Lüscherz
25%
239 Lütschental
25%
768 Nods
25%
660 Oppligen
25%
247 Pohlern
25%
1’909 Sonceboz-Sombeval
25%
3’587 Thunstetten
25%
916 Trachselwald
25%
1’701 Wynau
25%
983 Arni
24%
366 Epsach
24%
660 Jens
24%
1’518 Melchnau
24%
588 Münchenwiler
24%
1’260 Orvin
24%
1’599 Rohrbach
24%
2’390 Rüderswil
24%
1’599 Seeberg
24%
1’829 Walkringen
24%
1’140 Aefligen
23%
2’473 Aegerten
23%
1’744 Arch
23%
1’580 Dotzigen
23%
2’657 Evilard / Leubringen
23%
779 Forst-Längenbühl
23%
849 Gals
23%
623 Landiswil
23%
1’361 Leuzigen
23%
2’779 Lotzwil
23%
521 Niedermuhlern
23%
1’285 Radelfingen
23%
957 Renan
23%
154 Teuffenthal
23%
1’124 Wyssachen
23%
1’119 Bäriswil
22%
166 Busswil bei Melchnau
22%
660 Cortébert
22%
731 Gondiswil
22%
500 Homberg
22%
676 Inkwil
22%
111 Mont-Tramelan
22%
1’976 Péry-La Heutte
22%
232 Romont
22%
2’490 Rüdtligen-Alchenflüh
22%
67 Seehof
22%
2’060 Thurnen
22%
707 Uebeschi
22%
633 Wengi
22%
2’654 Wiedlisbach
22%
2’615 Worben
22%
779 Bleienbach
21%
1’819 Corgémont
21%
253 Höchstetten
21%
710 Niederhünigen
21%
333 Oberhünigen
21%
2’157 Plateau de Diesse
21%
375 Rohrbachgraben
21%
1’398 Sutz-Lattrigen
21%
1’193 Thörigen
21%
910 Vinelz
21%
222 Walliswil bei Niederbipp
21%
632 Walliswil bei Wangen
21%
477 Auswil
20%
534 Brenzikofen
20%
1’552 Buchholterberg
20%
85 Deisswil bei Münchenbuchsee
20%
1’253 Ferenbalm
20%
381 Grandval
20%
640 Herbligen
20%
599 Mattstetten
20%
561 Mirchel
20%
881 Mörigen
20%
2’506 Reconvilier
20%
497 Tschugg
20%
903 Ursenbach
20%
924 Villeret
20%
238 Wachseldorn
20%
1’096 Bargen
19%
1’801 Bellmund
19%
692 Bettenhausen
19%
511 Cormoret
19%
570 Finsterhennen
19%
337 Graben
19%
249 Gurbrü
19%
436 Hagneck
19%
1’453 Meinisberg
19%
536 Ochlenberg
19%
234 Oeschenbach
19%
484 Petit-Val
19%
191 Roches
19%
2’057 Safnern
19%
1’221 Sonvilier
19%
3’974 Valbirse
19%
323 Zielebach
19%
634 Alchenstorf
18%
678 Bannwil
18%
47 Berken
18%
537 Crémines
18%
213 Hellsau
18%
445 Iffwil
18%
548 La Ferrière
18%
358 Loveresse
18%
1’803 Niederönz
18%
178 Reisiswil
18%
582 Rütschelen
18%
829 Sauge
18%
519 Schwarzhäusern
18%
633 Siselen
18%
300 Sorvilier
18%
1’045 Walperswil
18%
1’546 Attiswil
17%
266 Belprahon
17%
482 Bühl
17%
186 Corcelles
17%
226 Farnern
17%
268 Häutligen
17%
1’219 Heimenhausen
17%
315 Hermrigen
17%
403 Merzligen
17%
706 Oberthal
17%
380 Wileroltigen
17%
641 Brüttelen
16%
453 Freimettigen
16%
534 Kernenried
16%
493 Rumisberg
16%
644 Saicourt
16%
535 Scheuren
16%
690 Schwadernau
16%
428 Treiten
16%
555 Walterswil
16%
555 Zuzwil
16%
916 Büetigen
15%
387 Eschert
15%
480 Perrefitte
15%
32 Rebévelier
15%
148 Saules
15%
91 Rumendingen
14%
196 Willadingen
14%
437 Kriechenwil
13%
57 Meienried
13%
150 Champoz
11%
96 Wiggiswil
10%
Keine übereinstimmenden Quizze gefunden
Verteilung der Resultate
Anzahl Personen mit jedem Resultat
Perzentil nach korrekt beantworteten Fragen
Ihre Resultats-Entwicklung
Sie haben dieses Quiz seit der letzten Aktualisierung nicht gespielt